[Event "Hull 4NCL op-B"]
[Site "Hull"]
[Date "2023.09.08"]
[Round "1"]
[White "Dukalev, Oleg"]
[Black "Kane, Robert"]
[Result "1/2-1/2"]
[WhiteElo "1504"]
[BlackElo "1744"]
[PlyCount "58"]
[EventDate "2023.09.08"]
[EventType "swiss"]
[EventRounds "5"]
[EventCountry "ENG"]
[SourceTitle "EXT 2024"]
[Source "ChessBase"]
[SourceDate "2023.10.10"]
[SourceVersion "1"]
[SourceVersionDate "2023.10.10"]
[SourceQuality "1"]

1. e4 c6 2. d4 d5 3. Nc3 dxe4 4. Nxe4 Nf6 5. Ng3 h5 6. h4 Bg4 7. Qd3 e6 8. f3 Bf5 9. Nxf5 Qa5+ 10. Bd2 Qxf5 11. Qxf5 exf5 12. 0-0-0 Nbd7 13. Re1+ Kd8 14. Bg5 Kc7 15. Bc4 Nd5 16. Bxd5 cxd5 17. Bf4+ Bd6 18. Nh3 Rae8 19. Bxd6+ Kxd6 20. Ng5 Rxe1+ 21. Rxe1 Rf8 22. Kd2 Nb8 23. Nh7 Rh8 24. Ng5 Rf8 25. Nh7 Rh8 26. Ng5 Rf8 27. c3 Nc6 28. Nh7 Rh8 29. Ng5 Rf8 1/2-1/2

[Event "EU-chT Seniors 65"]
[Site "Swidnica"]
[Date "2023.07.20"]
[Round "9.6"]
[White "Kane, Robert"]
[Black "Orlova, Liubov"]
[Result "1/2-1/2"]
[WhiteElo "1723"]
[BlackElo "1990"]
[PlyCount "122"]
[EventDate "2023.07.12"]
[EventType "team-swiss"]
[EventRounds "9"]
[EventCountry "POL"]
[SourceTitle "CBM 215 Extra"]
[Source "ChessBase"]
[SourceDate "2023.09.30"]
[SourceVersion "1"]
[SourceVersionDate "2023.09.30"]
[SourceQuality "1"]
[WhiteTeam "England 65 III"]
[BlackTeam "Germany (Women) 65"]
[WhiteTeamCountry "ENG"]
[BlackTeamCountry "GER"]

1. d4 Nf6 2. Nf3 d6 3. Bg5 Nbd7 4. e3 g6 5. Bc4 Bg7 6. Nbd2 c6 7. c3 0-0 8. 0-0 Qc7 9. h3 e5 10. dxe5 dxe5 11. e4 b5 12. Be2 Nc5 13. Qc2 Be6 14. Be3 Nb7 15. a4 a6 16. Ng5 Qe7 17. Nxe6 Qxe6 18. Nb3 Nd7 19. axb5 cxb5 20. Rfd1 Qc6 21. f3 Rfd8 22. Rd2 Ndc5 23. Rad1 Rxd2 24. Rxd2 Nxb3 25. Qxb3 Rd8 26. Rxd8+ Nxd8 27. Qd5 Qxd5 28. exd5 Bf8 29. c4 Nb7 30. cxb5 axb5 31. Bxb5 Bb4 32. Kf1 f6 33. Ke2 Kf7 34. Kd3 Ke7 35. Kc4 Bd6 36. b4 Kd8 37. Bb6+ Bc7 38. Ba7 Nd6+ 39. Kc5 Nc8 40. d6 Bxd6+ 41. Kc6 Bxb4 42. Bb6+ Nxb6 43. Kxb6 Ke7 44. Bc4 h6 45. Kb5 Ba3 46. g4 f5 47. gxf5 gxf5 48. Bf1 Kf6 49. h4 Bc1 50. Kc4 h5 51. Kd3 Bf4 52. Bh3 Bg3 53. Ke3 Bxh4 54. f4 e4 55. Bg2 Be1 56. Bf1 Bb4 57. Bg2 Ba3 58. Bxe4 Bc1+ 59. Kf3 h4 60. Bd3 Bd2 61. Bxf5 Kxf5 1/2-1/2

[Event "EU-chT Seniors 65"]
[Site "Swidnica"]
[Date "2023.07.16"]
[Round "5.8"]
[White "Kane, Robert"]
[Black "Hughes, Anthony"]
[Result "1-0"]
[WhiteElo "1723"]
[BlackElo "1850"]
[PlyCount "57"]
[EventDate "2023.07.12"]
[EventType "team-swiss"]
[EventRounds "9"]
[EventCountry "POL"]
[SourceTitle "CBM 215 Extra"]
[Source "ChessBase"]
[SourceDate "2023.09.30"]
[SourceVersion "1"]
[SourceVersionDate "2023.09.30"]
[SourceQuality "1"]
[WhiteTeam "England 65 III"]
[BlackTeam "Wales Cymru 65"]
[WhiteTeamCountry "ENG"]
[BlackTeamCountry "WLS"]

1. d4 d5 2. Nf3 Nf6 3. e3 e6 4. Bd3 Be7 5. b3 0-0 6. Bb2 Nbd7 7. Nbd2 c5 8. Ne5 Qc7 9. 0-0 b6 10. Qf3 Bb7 11. Qh3 g6 12. f4 Ne4 13. Ndf3 Bf6 14. Ng4 Bg7 15. Nh6+ Kh8 16. Bxe4 dxe4 17. Ng5 Nf6 18. d5 exd5 19. Ng4 Nh5 20. Bxg7+ Kxg7 21. f5 Rae8 22. Rf4 h6 23. f6+ Kh8 24. Nxh6 Bc8 25. g4 Be6 26. Qh4 Qe5 27. Raf1 Bxg4 28. Rxg4 d4 29. Nhxf7+ 1-0

[Event "EU-chT Seniors 65"]
[Site "Swidnica"]
[Date "2023.07.13"]
[Round "2.7"]
[White "Kane, Robert"]
[Black "Williams, Stephen M"]
[Result "1-0"]
[WhiteElo "1723"]
[BlackElo "1793"]
[PlyCount "59"]
[EventDate "2023.07.12"]
[EventType "team-swiss"]
[EventRounds "9"]
[EventCountry "POL"]
[SourceTitle "CBM 215 Extra"]
[Source "ChessBase"]
[SourceDate "2023.09.30"]
[SourceVersion "1"]
[SourceVersionDate "2023.09.30"]
[SourceQuality "1"]
[WhiteTeam "England 65 III"]
[BlackTeam "England 65 II"]
[WhiteTeamCountry "ENG"]
[BlackTeamCountry "ENG"]

1. c4 c6 2. d4 d5 3. e3 Nf6 4. Nc3 e6 5. Nf3 Nbd7 6. Bd3 dxc4 7. Bxc4 b5 8. Bd3 Bb7 9. 0-0 Be7 10. b3 b4 11. Na4 0-0 12. Bb2 Nd5 13. Rc1 Rc8 14. Nc5 Nxc5 15. dxc5 Bf6 16. Ne5 Qc7 17. f4 Nxe3 18. Bxh7+ Kxh7 19. Qd3+ Nf5 20. g4 Rcd8 21. Qb1 Bc8 22. Rf3 Rd2 23. gxf5 exf5 24. Rd1 Rfd8 25. Rxd2 Rxd2 26. Nc4 Rd5 27. Bxf6 gxf6 28. Qe1 Qd8 29. Rh3+ Kg8 30. Qg3+ 1-0

[Event "Reykjavik op"]
[Site "Reykjavik"]
[Date "2023.04.04"]
[Round "9"]
[White "Kane, Robert"]
[Black "Striskova, Lucia"]
[Result "0-1"]
[WhiteElo "1745"]
[BlackElo "2002"]
[PlyCount "94"]
[EventDate "2023.03.29"]
[EventType "swiss"]
[EventRounds "9"]
[EventCountry "ISL"]
[SourceTitle "EXT 2024"]
[Source "ChessBase"]
[SourceDate "2023.10.10"]
[SourceVersion "1"]
[SourceVersionDate "2023.10.10"]
[SourceQuality "1"]

1. d4 f5 2. Nc3 Nf6 3. Bf4 d6 4. e3 e6 5. Nf3 Be7 6. Bd3 0-0 7. Qe2 d5 8. 0-0-0 Nbd7 9. h3 c6 10. g4 Ne4 11. Bxe4 fxe4 12. Ne5 Nxe5 13. dxe5 Qa5 14. h4 b5 15. f3 b4 16. Nb1 Ba6 17. Qg2 exf3 18. Qxf3 Qxa2 19. g5 c5 20. Qh5 Rf5 21. Qg4 Raf8 22. Bg3 Bc8 23. Qe2 c4 24. c3 a5 25. g6 h6 26. Rhf1 Bc5 27. Rxf5 Rxf5 28. e4 dxe4 29. Rd8+ Rf8 30. Rxf8+ Kxf8 31. Qf1+ Ke8 32. Qf7+ Kd8 33. Qg8+ Kc7 34. Qxg7+ Bd7 35. Qxh6 bxc3 36. Nxc3 Qa1+ 37. Nb1 c3 38. bxc3 Ba3+ 39. Kd2 Qa2+ 40. Ke1 Qxb1+ 41. Kf2 Bc5+ 42. Kg2 Qg1+ 43. Kh3 Qf1+ 44. Kh2 Bg1+ 45. Kh1 Bf2+ 46. Kh2 Qg1+ 47. Kh3 Qxg3# 0-1

[Event "Reykjavik op"]
[Site "Reykjavik"]
[Date "2023.04.01"]
[Round "6"]
[White "Kane, Robert"]
[Black "Johansson, Jukka"]
[Result "1-0"]
[WhiteElo "1745"]
[BlackElo "2106"]
[PlyCount "91"]
[EventDate "2023.03.29"]
[EventType "swiss"]
[EventRounds "9"]
[EventCountry "ISL"]
[SourceTitle "CBM 213 Extra"]
[Source "ChessBase"]
[SourceDate "2023.05.31"]
[SourceVersion "1"]
[SourceVersionDate "2023.05.31"]
[SourceQuality "1"]

1. d4 Nf6 2. c4 g6 3. Nc3 d5 4. cxd5 Nxd5 5. Bd2 Bg7 6. e4 Nxc3 7. Bxc3 c5 8. d5 Bxc3+ 9. bxc3 Qd6 10. Nf3 Qf4 11. Bb5+ Bd7 12. Qa4 a6 13. Bxd7+ Nxd7 14. 0-0 b5 15. Qc2 0-0 16. c4 b4 17. Rfe1 Nb6 18. Re3 e6 19. g3 Qc7 20. d6 Qxd6 21. e5 Qe7 22. h4 Rad8 23. Re4 f5 24. exf6 Qxf6 25. Ne5 Rd4 26. Rxd4 cxd4 27. f4 Qe7 28. Kh2 Nd7 29. Nf3 Qc5 30. Ng5 Re8 31. h5 Kg7 32. Re1 e5 33. Nxh7 e4 34. Ng5 d3 35. Qb2+ Kh6 36. Rxe4 Ne5 37. Rxe5 Rxe5 38. Nf7+ Kxh5 39. Nxe5 Qe3 40. Kh3 g5 41. Ng4 Qe2 42. Qh8+ Kg6 43. Qg8+ Kf5 44. Qd5+ Kg6 45. Qxg5+ Kf7 46. Ne5+ 1-0

[Event "Edinburgh Park op"]
[Site "Edinburgh"]
[Date "2023.03.04"]
[Round "4"]
[White "Kane, Robert"]
[Black "Cheng, Louis1111"]
[Result "1/2-1/2"]
[WhiteElo "1820"]
[BlackElo "1573"]
[PlyCount "95"]
[EventDate "2023.03.04"]
[EventType "swiss"]
[EventRounds "5"]
[EventCountry "SCO"]
[SourceTitle "CBM 213 Extra"]
[Source "ChessBase"]
[SourceDate "2023.05.31"]
[SourceVersion "1"]
[SourceVersionDate "2023.05.31"]
[SourceQuality "1"]

1. c4 e6 2. Nc3 Nf6 3. g3 d5 4. d4 Bb4 5. Bg2 0-0 6. a3 Be7 7. Nf3 c6 8. Qb3 Nbd7 9. cxd5 exd5 10. 0-0 Nb6 11. a4 Qc7 12. Bf4 Bd6 13. Bg5 Nbd7 14. Rac1 Qb6 15. Qc2 h6 16. Bd2 Re8 17. e3 a5 18. Nh4 Nf8 19. h3 Ne4 20. Nxe4 dxe4 21. Bxe4 Bxh3 22. Rfe1 Ne6 23. Bf5 Bxf5 24. Nxf5 Bf8 25. Kg2 Rad8 26. Red1 c5 27. dxc5 Nxc5 28. Bc3 Qc6+ 29. Kh2 Rxd1 30. Qxd1 b6 31. Qg4 Qg6 32. Qxg6 fxg6 33. Nd4 Nxa4 34. Nf3 Nxc3 35. Rxc3 Bc5 36. Rd3 Re4 37. Kg2 Rb4 38. b3 a4 39. bxa4 Rxa4 40. Rd7 Re4 41. Nd2 Re8 42. Kf3 Rf8+ 43. Ke2 g5 44. Rb7 Rf7 45. Rb8+ Rf8 46. Rb7 Rf7 47. Rb8+ Rf8 48. Rb7 1/2-1/2

[Event "Edinburgh Park op"]
[Site "Edinburgh"]
[Date "2023.03.04"]
[Round "5"]
[White "Srivastava, Aditya"]
[Black "Kane, Robert"]
[Result "1-0"]
[WhiteElo "1569"]
[BlackElo "1820"]
[PlyCount "47"]
[EventDate "2023.03.04"]
[EventType "swiss"]
[EventRounds "5"]
[EventCountry "SCO"]
[SourceTitle "CBM 213 Extra"]
[Source "ChessBase"]
[SourceDate "2023.05.31"]
[SourceVersion "1"]
[SourceVersionDate "2023.05.31"]
[SourceQuality "1"]

1. d4 e6 2. Nf3 f5 3. g3 Nf6 4. Bg2 Be7 5. c4 d5 6. b3 c6 7. Nbd2 0-0 8. 0-0 Bd7 9. Ne5 Be8 10. Bb2 Nbd7 11. Ndf3 Bh5 12. Ng5 Nxe5 13. dxe5 Ne4 14. Nxe6 Qd7 15. Nxf8 Rxf8 16. cxd5 cxd5 17. Rc1 b6 18. f3 Bc5+ 19. Bd4 Bxd4+ 20. Qxd4 Nc5 21. Rfd1 Bf7 22. e4 fxe4 23. fxe4 Bh5 24. Qxd5+ 1-0

[Event "Benidorm op-B"]
[Site "Benidorm"]
[Date "2022.12.10"]
[Round "8"]
[White "Martinez Dourado, Daniel"]
[Black "Kane, Robert"]
[Result "1-0"]
[WhiteElo "1837"]
[BlackElo "1738"]
[PlyCount "59"]
[EventDate "2022.12.03"]
[EventType "swiss"]
[EventRounds "9"]
[EventCountry "ESP"]
[SourceTitle "CBM 212 Extra"]
[Source "ChessBase"]
[SourceDate "2023.03.31"]
[SourceVersion "1"]
[SourceVersionDate "2023.03.31"]
[SourceQuality "1"]

1. e4 c6 2. d4 d5 3. e5 Bf5 4. h4 h5 5. c4 e6 6. Nc3 Ne7 7. Nge2 a6 8. Ng3 Bg6 9. Bg5 Nd7 10. Bd3 Bxd3 11. Qxd3 dxc4 12. Qxc4 Nb6 13. Qd3 Qc7 14. Nce4 Ned5 15. 0-0 Be7 16. Rad1 0-0-0 17. Nd6+ Bxd6 18. Bxd8 Qxd8 19. exd6 Qxh4 20. Ne2 Nf4 21. Qf3 g5 22. Nc3 Nbd5 23. Nxd5 exd5 24. Rfe1 Rf8 25. Re5 Ng6 26. Qf5+ Kd8 27. Qf6+ Kc8 28. Re7 Qg4 29. Rde1 Nxe7 30. Qxe7 1-0

[Event "Benidorm op-B"]
[Site "Benidorm"]
[Date "2022.12.07"]
[Round "5"]
[White "Kane, Robert"]
[Black "Lopez Palomar, Jose"]
[Result "1-0"]
[WhiteElo "1738"]
[BlackElo "1913"]
[PlyCount "58"]
[EventDate "2022.12.03"]
[EventType "swiss"]
[EventRounds "9"]
[EventCountry "ESP"]
[SourceTitle "CBM 212 Extra"]
[Source "ChessBase"]
[SourceDate "2023.03.31"]
[SourceVersion "1"]
[SourceVersionDate "2023.03.31"]
[SourceQuality "1"]

1. d4 Nf6 2. c4 g6 3. Nc3 Bg7 4. e4 d6 5. Nge2 0-0 6. Ng3 e5 7. d5 Nbd7 8. Be2 Ne8 9. h4 f5 10. exf5 gxf5 11. Nh5 Ndf6 12. Nxg7 Nxg7 13. Bg5 Qd7 14. h5 Nge8 15. Qd2 Kf7 16. 0-0-0 Rg8 17. f4 b5 18. cxb5 e4 19. Qd4 Qe7 20. h6 Qf8 21. g4 Rg6 22. Bxf6 Nxf6 23. g5 Nd7 24. Bh5 a6 25. Nxe4 fxe4 26. f5 Ne5 27. fxg6+ Kg8 28. gxh7+ Kxh7 29. Rdf1 Qg8 1-0

[Event "ENG Chessable-ch Seniors 65+"]
[Site "Kenilworth"]
[Date "2022.05.07"]
[Round "5"]
[White "Ingham, H William"]
[Black "Kane, Robert"]
[Result "1-0"]
[WhiteElo "1838"]
[BlackElo "1763"]
[PlyCount "145"]
[EventDate "2022.05.04"]
[EventType "swiss"]
[EventRounds "7"]
[EventCountry "ENG"]
[SourceTitle "CBM 208 Extra"]
[Source "ChessBase"]
[SourceDate "2022.07.31"]
[SourceVersion "1"]
[SourceVersionDate "2022.07.31"]
[SourceQuality "1"]

1. d4 d5 2. Bf4 Nf6 3. e3 e6 4. Bd3 c5 5. c3 Nc6 6. Nd2 Bd6 7. Bxd6 Qxd6 8. f4 cxd4 9. cxd4 Bd7 10. a3 0-0 11. Ngf3 Rac8 12. 0-0 Ne7 13. Ne5 Nf5 14. Qe2 Qe7 15. g4 Nd6 16. Qg2 Bb5 17. g5 Nd7 18. Bxb5 Nxb5 19. Ndf3 Nd6 20. Rac1 Nf5 21. Qd2 f6 22. Rxc8 Rxc8 23. Nxd7 Qxd7 24. gxf6 gxf6 25. Kh1 Kf7 26. Qf2 Qb5 27. Re1 Qb3 28. Re2 Qd3 29. Kg2 Qe4 30. Kh3 Ke7 31. Nd2 Qd3 32. Nf1 Nxd4 33. Rd2 Qf5+ 34. Kg2 Qe4+ 35. Kh3 Nf5 36. Re2 Kd7 37. Ng3 Nxg3 38. hxg3 Qh1+ 39. Qh2 Qf3 40. Qf2 Qe4 41. Qg2 Qxg2+ 42. Kxg2 f5 43. Kf3 Kd6 44. Rh2 Rc7 45. g4 fxg4+ 46. Kxg4 Rg7+ 47. Kf3 Kc5 48. Rh6 Re7 49. Rh5 Kc4 50. Re5 Kb3 51. Kg4 Kxb2 52. Kg5 Kxa3 53. Kf6 Rc7 54. Kxe6 b5 55. Rxd5 b4 56. f5 b3 57. Rb5 h5 58. f6 b2 59. f7 Rxf7 60. Kxf7 h4 61. Ke6 h3 62. Kd5 Ka2 63. Ra5+ Kb3 64. Rb5+ Kc2 65. Rc5+ Kd3 66. Rb5 h2 67. Rxb2 h1Q+ 68. Kd6 Qh6+ 69. Kd5 Qg5+ 70. Ke6 Qg6+ 71. Kd5 Qe4+ 72. Kd6 Qd4+ 73. exd4 1-0

[Event "ENG Chessable-ch Seniors 65+"]
[Site "Kenilworth"]
[Date "2022.05.04"]
[Round "1"]
[White "Shephard, Chris CW"]
[Black "Kane, Robert"]
[Result "1-0"]
[WhiteElo "2203"]
[BlackElo "1763"]
[PlyCount "89"]
[EventDate "2022.05.04"]
[EventType "swiss"]
[EventRounds "7"]
[EventCountry "ENG"]
[SourceTitle "CBM 208 Extra"]
[Source "ChessBase"]
[SourceDate "2022.07.31"]
[SourceVersion "1"]
[SourceVersionDate "2022.07.31"]
[SourceQuality "1"]

1. c4 c5 2. Nf3 Nf6 3. d4 e6 4. Nc3 a6 5. e4 cxd4 6. Nxd4 d6 7. Be2 Be7 8. 0-0 Qc7 9. Be3 Nc6 10. Rc1 Bd7 11. Qd2 Ne5 12. f3 Rc8 13. b3 h5 14. Rfd1 h4 15. h3 Nh5 16. f4 Ng6 17. Bxh5 Rxh5 18. Nf3 Bc6 19. Nd5 exd5 20. cxd5 Nf8 21. Nd4 Ne6 22. dxe6 Rc5 23. exf7+ Kxf7 24. Nxc6 Rxc1 25. Qd5+ Kf8 26. Qf5+ Ke8 27. Rxc1 bxc6 28. Bd4 Rb8 29. Qg6+ Kd8 30. Qxg7 Qa5 31. Bf6 Bxf6 32. Qxf6+ Kd7 33. Qf7+ Kd8 34. Qf8+ Kc7 35. Qe7+ Kb6 36. Qxd6 Rc8 37. a4 Kb7 38. Kh1 Rc7 39. e5 Qb6 40. Qc5 Qxb3 41. a5 Qd3 42. e6 Qe2 43. f5 Kc8 44. Qf8+ Kb7 45. Rb1+ 1-0

[Event "Harrogate 4NCL op 24th"]
[Site "Harrogate"]
[Date "2020.01.18"]
[Round "3"]
[White "Kane, Robert"]
[Black "Bielby, Paul R"]
[Result "1-0"]
[WhiteElo "1763"]
[BlackElo "1902"]
[PlyCount "71"]
[EventDate "2020.01.17"]
[EventType "swiss"]
[EventRounds "5"]
[EventCountry "ENG"]
[SourceTitle "CBM 195 Extra"]
[Source "ChessBase"]
[SourceDate "2020.05.31"]
[SourceVersion "1"]
[SourceVersionDate "2020.05.31"]
[SourceQuality "1"]

1. d4 Nf6 2. Nf3 d5 3. c4 e6 4. Nc3 Be7 5. Bg5 c6 6. e3 Nbd7 7. cxd5 exd5 8. Qc2 h6 9. Bf4 Nf8 10. Ne5 Ne6 11. Bg3 Bd7 12. Be2 Rc8 13. 0-0 0-0 14. Bh4 c5 15. dxc5 Rxc5 16. Rfd1 Qc7 17. Nxd7 Qxd7 18. Qa4 g5 19. Qxd7 Nxd7 20. Nxd5 Rxd5 21. Rxd5 Nf6 22. Ra5 gxh4 23. Rxa7 Rb8 24. Bf3 Nd8 25. Rc1 Bd6 26. b3 Kf8 27. Ra5 Kg7 28. Be4 Nd7 29. Rb5 Nf6 30. Bf3 b6 31. a4 Ne6 32. Rc6 Bc7 33. b4 Ne8 34. Rd5 Ra8 35. Rxe6 fxe6 36. Rd7+ 1-0

[Event "SCO-ch 126th"]
[Site "Edinburgh"]
[Date "2019.07.12"]
[Round "7"]
[White "Paul, Rabindra"]
[Black "Kane, Robert"]
[Result "1-0"]
[WhiteElo "1876"]
[BlackElo "1850"]
[PlyCount "47"]
[EventDate "2019.07.06"]
[EventType "swiss"]
[EventRounds "9"]
[EventCountry "SCO"]
[SourceTitle "CBM 191 Extra"]
[Source "ChessBase"]
[SourceDate "2019.09.30"]
[SourceVersion "1"]
[SourceVersionDate "2019.09.30"]
[SourceQuality "1"]

1. d4 d5 2. Nf3 Nf6 3. Bf4 e6 4. e3 c5 5. c3 Nc6 6. Nbd2 cxd4 7. exd4 Nh5 8. Bg3 Nxg3 9. hxg3 Bd6 10. Bd3 h6 11. Qe2 Qf6 12. Rh5 Bd7 13. Rxd5 Bc7 14. Rb5 Nd8 15. Ne4 Qe7 16. Rb3 b6 17. Bb5 Nb7 18. Bxd7+ Qxd7 19. 0-0-0 0-0-0 20. Qa6 f5 21. Nc5 Qc6 22. Nd3 Kb8 23. Ra3 Na5 24. Rxa5 1-0

[Event "SCO-ch 126th"]
[Site "Edinburgh"]
[Date "2019.07.08"]
[Round "3"]
[White "Kane, Robert"]
[Black "Maxwell, Daniel"]
[Result "0-1"]
[WhiteElo "1850"]
[BlackElo "2066"]
[PlyCount "70"]
[EventDate "2019.07.06"]
[EventType "swiss"]
[EventRounds "9"]
[EventCountry "SCO"]
[SourceTitle "CBM 191 Extra"]
[Source "ChessBase"]
[SourceDate "2019.09.30"]
[SourceVersion "1"]
[SourceVersionDate "2019.09.30"]
[SourceQuality "1"]

1. e4 c6 2. d3 d5 3. Nd2 e5 4. Ngf3 Bd6 5. g3 f5 6. Bg2 Nf6 7. 0-0 0-0 8. Qe2 Re8 9. exd5 cxd5 10. c3 Nc6 11. a3 a5 12. Ne1 Be6 13. Nc2 Qd7 14. b4 axb4 15. cxb4 e4 16. f4 Bf7 17. d4 Nd8 18. Ne3 Bxb4 19. Rb1 Bf8 20. Nb3 b6 21. Na1 Nc6 22. Nac2 Reb8 23. Bh3 Be6 24. Bb2 Na5 25. Rfd1 Ne8 26. Nb4 Qf7 27. Rbc1 Nd6 28. Nc6 Nxc6 29. Rxc6 b5 30. Bc3 Nc4 31. Bb4 Nxe3 32. Qxe3 Bxb4 33. axb4 Qh5 34. g4 fxg4 35. Rxe6 gxh3 0-1

[Event "London CSC 5-Day U2050 op 10th"]
[Site "London"]
[Date "2018.12.09"]
[Round "1"]
[White "Tassell, Hugh G"]
[Black "Kane, Robert"]
[Result "1/2-1/2"]
[WhiteElo "1601"]
[BlackElo "1886"]
[PlyCount "80"]
[EventDate "2018.12.09"]
[EventType "swiss"]
[EventRounds "5"]
[EventCountry "ENG"]
[SourceTitle "EXT 2020"]
[Source "ChessBase"]
[SourceDate "2019.10.17"]
[SourceVersion "1"]
[SourceVersionDate "2019.10.17"]
[SourceQuality "1"]

1. e4 c5 2. f4 d5 3. e5 Nc6 4. Nf3 Bg4 5. Be2 e6 6. c3 Nh6 7. d3 Nf5 8. 0-0 Be7 9. Na3 0-0 10. Nc2 Qb6 11. h3 Bxf3 12. Rxf3 f6 13. exf6 Rxf6 14. Rf2 Bd6 15. Bf3 Ng3 16. Ne3 Ne7 17. Ng4 Rxf4 18. Bxf4 Bxf4 19. Qe1 Qc7 20. Qxe6+ Kh8 21. Re1 Ngf5 22. Bxd5 Rd8 23. Bc4 Bg3 24. Rxf5 Bxe1 25. Rf7 Bh4 26. Ne5 g6 27. Rxe7 Qxe7 28. Qxe7 Bxe7 29. Nf7+ Kg7 30. Nxd8 Bxd8 31. Kf2 Bg5 32. d4 Bc1 33. b4 cxb4 34. cxb4 Kf6 35. Kf3 h5 36. Ke4 b5 37. Bxb5 Ba3 38. Be8 Bxb4 39. Kd5 h4 40. Bd7 g5 1/2-1/2

[Event "Douglas IoM op-B"]
[Site "Douglas"]
[Date "2018.10.23"]
[Round "2"]
[White "Kane, Robert"]
[Black "Svensson, Lars Ake"]
[Result "0-1"]
[WhiteElo "1889"]
[BlackElo "1922"]
[PlyCount "74"]
[EventDate "2018.10.22"]
[EventType "swiss"]
[EventRounds "7"]
[EventCountry "IOM"]
[SourceTitle "CBM 187 Extra"]
[Source "ChessBase"]
[SourceDate "2018.11.04"]
[SourceVersion "1"]
[SourceVersionDate "2018.11.04"]
[SourceQuality "1"]

1. d4 f5 2. c4 g6 3. Nc3 Nf6 4. h4 Bg7 5. h5 d6 6. hxg6 hxg6 7. Rxh8+ Bxh8 8. Nf3 Nbd7 9. Ng5 Nf8 10. e4 fxe4 11. Bf4 c6 12. d5 Qb6 13. Na4 Qa5+ 14. Bd2 Qc7 15. Qb3 c5 16. Nc3 Bf5 17. Be2 Bg7 18. Nb5 Qb8 19. g4 Nxg4 20. Qa4 Nd7 21. Ne6 Kf7 22. Nbc7 Nb6 23. Qb3 Qh8 24. Ng5+ Kf8 25. Nxa8 Bxb2 26. Rb1 Qh1+ 27. Bf1 Nh2 28. Ke2 Bg4+ 29. f3 exf3+ 30. Kf2 Nxf1 31. Nh7+ Kg8 32. Rxf1 Qg2+ 33. Ke3 Bd4+ 34. Kf4 Be5+ 35. Ke3 Qxf1 36. Qd3 Qxd3+ 37. Kxd3 f2 0-1